[Event "Muensterland Verbandsklasse-B 0607"]
[Site "Germany"]
[Date "2006.12.09"]
[Round "4.3"]
[White "Fischbauer, Erwin"]
[Black "Wewers, Reinhard"]
[Result "0-1"]
[WhiteElo "1765"]
[BlackElo "1951"]
[PlyCount "76"]
[EventDate "2006.09.23"]
[EventType "team"]
[EventRounds "9"]
[EventCountry "GER"]
[SourceTitle "EXT 2008"]
[Source "ChessBase"]
[SourceDate "2007.11.25"]
[SourceVersion "1"]
[SourceVersionDate "2007.11.25"]
[SourceQuality "1"]
[WhiteTeam "Luedinghausen"]
[BlackTeam "Buldern"]
[WhiteTeamCountry "GER"]
[BlackTeamCountry "GER"]

1. d4 e6 2. e4 d5 3. e5 c5 4. Nf3 Nc6 5. c3 Qb6 6. Bd3 cxd4 7. cxd4 Bd7 8. Bc2 Nb4 9. 0-0 Nxc2 10. Qxc2 Ne7 11. Nc3 Rc8 12. Be3 Nf5 13. Qd2 Be7 14. Rac1 0-0 15. a3 Rc4 16. g4 Nh4 17. Nxh4 Bxh4 18. f4 f6 19. Ne2 Qb3 20. Rxc4 dxc4 21. Nc3 Bc6 22. f5 fxe5 23. dxe5 Rd8 24. Qe2 Rd3 25. fxe6 Rxe3 26. Qxe3 Qxb2 27. Ne2 Bd8 28. Qc5 h6 29. Rf8+ Kh7 30. Rxd8 Qxe2 31. Qf2 Qxg4+ 32. Kf1 Qxe6 33. Qc2+ g6 34. Qf2 c3 35. Qf6 Qxf6+ 36. exf6 c2 37. f7 c1Q+ 38. Kf2 Qf4+ 0-1

[Event "Muensterland Verbandsklasse-B 0607"]
[Site "Germany"]
[Date "2006.10.21"]
[Round "2.3"]
[White "Rebber, Christian"]
[Black "Fischbauer, Erwin"]
[Result "1-0"]
[WhiteElo "1854"]
[BlackElo "1765"]
[PlyCount "77"]
[EventDate "2006.09.23"]
[EventType "team"]
[EventRounds "9"]
[EventCountry "GER"]
[SourceTitle "EXT 2008"]
[Source "ChessBase"]
[SourceDate "2007.11.25"]
[SourceVersion "1"]
[SourceVersionDate "2007.11.25"]
[SourceQuality "1"]
[WhiteTeam "Ahaus Wessum"]
[BlackTeam "Luedinghausen"]
[WhiteTeamCountry "GER"]
[BlackTeamCountry "GER"]

1. e4 e6 2. d4 d5 3. exd5 exd5 4. Bd3 Bd6 5. Ne2 Nf6 6. Bf4 0-0 7. 0-0 Bg4 8. f3 Bh5 9. Qd2 Re8 10. Nbc3 c5 11. dxc5 Bxc5+ 12. Kh1 d4 13. Nb5 Na6 14. Nbxd4 Nb4 15. Bb5 Rf8 16. c3 Nbd5 17. Bg3 Bg6 18. Bf2 a6 19. Ba4 Qc7 20. Bb3 Rad8 21. Bg3 Qe7 22. Rae1 Qd7 23. Bh4 Rfe8 24. Bxd5 Qxd5 25. b4 Ba7 26. Nf4 Qc4 27. Rxe8+ Rxe8 28. Re1 Rc8 29. Nde2 Re8 30. h3 Be3 31. Qd6 Bxf4 32. Qxf4 Qxa2 33. Nd4 Rxe1+ 34. Bxe1 h6 35. Kh2 Qd5 36. Bf2 Nh5 37. Qc7 Bd3 38. Be3 Bg6 39. c4 1-0

[Event "Muensterland Verbandsklasse-B 0405"]
[Site "Muensterland"]
[Date "2005.01.22"]
[Round "5.3"]
[White "Stegemann, Norbert"]
[Black "Fischbauer, Erwin"]
[Result "1/2-1/2"]
[WhiteElo "1983"]
[BlackElo "1689"]
[PlyCount "96"]
[EventDate "2004.09.11"]
[EventType "team"]
[EventRounds "9"]
[EventCountry "GER"]
[SourceTitle "EXT 2006"]
[Source "ChessBase"]
[SourceDate "2005.11.24"]
[SourceVersion "1"]
[SourceVersionDate "2005.11.24"]
[SourceQuality "1"]
[WhiteTeam "Duelmen"]
[BlackTeam "Luedinghausen"]
[WhiteTeamCountry "GER"]
[BlackTeamCountry "GER"]

1. c4 e5 2. g3 Nf6 3. Bg2 Bc5 4. Nc3 c6 5. e3 0-0 6. d4 exd4 7. exd4 Bb4 8. Nge2 d5 9. cxd5 Nxd5 10. 0-0 Be6 11. a3 Be7 12. Nf4 Nxf4 13. Bxf4 Qb6 14. d5 Rd8 15. Qe2 cxd5 16. Nxd5 Bxd5 17. Qxe7 Nc6 18. Qc7 Qxc7 19. Bxc7 Bxg2 20. Kxg2 Rd2 21. b4 Re8 22. Rfe1 Rc8 23. Bf4 Rd7 24. Rac1 Rcd8 25. Be3 f6 26. Rc3 Rd3 27. Rec1 a6 28. Bb6 R8d7 29. Bc5 Kf7 30. a4 Rxc3 31. Rxc3 Ne5 32. Be3 Ng4 33. Bb6 Ne5 34. h3 Nd3 35. Rb3 Ne5 36. b5 axb5 37. Rxb5 Ke6 38. a5 Nc4 39. Kf3 Ne5+ 40. Ke2 Nc4 41. Be3 Ne5 42. h4 Nc6 43. f4 f5 44. Kf3 h5 45. Rb6 Kd5 46. Rb5+ Ke6 47. Rb6 Kd5 48. Rb5+ Ke6 1/2-1/2

[Event "Muensterland Verbandsklasse-B 0304"]
[Site "Germany"]
[Date "2003.11.15"]
[Round "3.5"]
[White "Fischbauer, Erwin"]
[Black "Boelker, Franz"]
[Result "1-0"]
[WhiteElo "1713"]
[BlackElo "1874"]
[PlyCount "83"]
[EventDate "2003.09.20"]
[EventType "team"]
[EventRounds "9"]
[EventCountry "GER"]
[SourceTitle "EXT 2005"]
[Source "ChessBase"]
[SourceDate "2004.11.15"]
[SourceVersion "1"]
[SourceVersionDate "2004.11.15"]
[SourceQuality "1"]
[WhiteTeam "Luedinghausen"]
[BlackTeam "Raesfeld Erle"]
[WhiteTeamCountry "GER"]
[BlackTeamCountry "GER"]

1. c4 c6 2. Nc3 d5 3. cxd5 cxd5 4. d4 Nf6 5. Bf4 Nc6 6. e3 a6 7. Bd3 e6 8. Nf3 Bd6 9. Bxd6 Qxd6 10. 0-0 0-0 11. a3 e5 12. dxe5 Nxe5 13. Nxe5 Qxe5 14. Be2 Be6 15. Bf3 Ne4 16. Rc1 Rac8 17. Bxe4 dxe4 18. Qd4 Qxd4 19. exd4 Bc4 20. Rfe1 f5 21. Rcd1 Rfd8 22. d5 Rd6 23. f3 exf3 24. gxf3 Kf7 25. Rd4 g5 26. f4 g4 27. Re5 Kf6 28. Nd1 Bb5 29. Ne3 Re8 30. Rxf5+ Kg6 31. Re5 h5 32. f5+ Kf6 33. Re6+ Rexe6 34. fxe6 Bc6 35. Rf4+ Kg5 36. Rf5+ Kg6 37. e7 Bb5 38. Rf8 Rb6 39. Nc4 Rf6 40. e8Q+ Bxe8 41. Rxe8 b5 42. d6 1-0

[Event "Muensterland Verbandsklasse-B 0304"]
[Site "Germany"]
[Date "2003.09.20"]
[Round "1.5"]
[White "Fischbauer, Erwin"]
[Black "Ehrlich, Hans Georg"]
[Result "1/2-1/2"]
[WhiteElo "1713"]
[BlackElo "1923"]
[PlyCount "142"]
[EventDate "2003.09.20"]
[EventType "team"]
[EventRounds "9"]
[EventCountry "GER"]
[SourceTitle "EXT 2005"]
[Source "ChessBase"]
[SourceDate "2004.11.15"]
[SourceVersion "1"]
[SourceVersionDate "2004.11.15"]
[SourceQuality "1"]
[WhiteTeam "Luedinghausen"]
[BlackTeam "Heiden"]
[WhiteTeamCountry "GER"]
[BlackTeamCountry "GER"]

1. c4 Nf6 2. Nc3 d5 3. cxd5 Nxd5 4. g3 g6 5. Bg2 Nb6 6. d4 Bg7 7. Nf3 0-0 8. 0-0 c6 9. Bf4 Nd5 10. Nxd5 cxd5 11. Qd2 Re8 12. Rac1 Nc6 13. Ne5 Nxe5 14. dxe5 Be6 15. Rfd1 Qb6 16. Be3 Qa6 17. Bd4 Rec8 18. a3 Qb5 19. e3 Bg4 20. f3 Be6 21. Bf1 Qd7 22. Qb4 a6 23. Bg2 Bf8 24. f4 Bg4 25. Re1 Bf5 26. Bc3 e6 27. Qb3 Bd3 28. Qd1 Bb5 29. h4 Be7 30. h5 Bc5 31. hxg6 hxg6 32. Bd4 Bf8 33. Kf2 Rxc1 34. Qxc1 Rc8 35. Qd2 Ba4 36. Bc3 Rc4 37. Bf1 Rc6 38. Bd3 Bb3 39. Rh1 Bg7 40. Kf3 Qc7 41. Qh2 Rxc3 42. bxc3 Qxc3 43. Qe2 b5 44. Rh2 Bf8 45. Rh1 d4 46. e4 Bxa3 47. Kg2 Bc4 48. Rd1 a5 49. g4 a4 50. f5 Bb4 51. fxg6 fxg6 52. Qf3 Bxd3 53. Rxd3 Qb2+ 54. Kg1 Qc1+ 55. Kg2 Qg5 56. Rxd4 a3 57. Rd7 Be7 58. Ra7 b4 59. Ra8+ Kg7 60. Ra7 Kg8 61. Ra8+ Kg7 62. Ra7 Qd2+ 63. Kh3 Qc3 64. Qxc3 bxc3 65. Rxe7+ Kf8 66. Rxe6 c2 67. Rf6+ Ke7 68. Rf1 Ke6 69. Kg3 Kxe5 70. Kf3 Kd4 71. Kf4 Kc3 1/2-1/2